Game of Thrones : Jon - Statistiques

Statistiques générales
  • Ce quiz a été pris 55 fois
    46 depuis la dernière actualisation
  • Le résultat moyen est 23 sur 29
Statistiques - réponses
Hint Réponse % Correct
Oncle Benjen Stark
97%
Oncle Brandon Stark
97%
Cousin Bran Stark
97%
Tante Catelyn Stark
97%
Oncle / père adoptif Eddard Stark
97%
Blason Loup Géant sur fond gris
97%
Mère Lyanna Stark
97%
Cousin Rickon Stark
97%
Cousin Robb Stark
97%
Cousine Sansa Stark
97%
Maison (ofiicielle) Stark
94%
Père Rhaegar Targaryen
91%
Amante Daenerys
85%
Loup Fantôme
82%
Maison Targaryen
82%
Blason Dragon trycefalle rouge sur fond noir
79%
Acteur Kit Harrington
79%
Titre(s) Lord Commandant de la garde de nuit / Roi du Nord / Gouverneur du Nord
79%
Cousine Arya Stark
70%
Amante Ygritt
70%
Oncle Viserys Targaryen
67%
Devise L'Hiver vient
64%
Sorcière qui le ramène à la vie Mélisandre
64%
Assassins Alliser Thorne / Olly / Frère de la Garde de Nuit
61%
Arme qui le tue Dague
55%
Alias Le Batard de Winterfell / Lord Snow
48%
Tante Daenerys Targaryen
42%
Devise Feu et Sang
42%
épée Grand-griffe
33%
Aucun quiz correspondant
Distribution des résultats
% des personnes avec chaque résultat
Percentile par nombre de réponses
Votre historique - résultats
Vous n’avez pas pris ce quiz depuis la dernière actualisation